| 000 | 00355nam a22001577a 4500 | ||
|---|---|---|---|
| 003 | UA-OsUOA | ||
| 005 | 20250131151038.0 | ||
| 008 | 250131b un ||||| |||| 00| 0 ukr d | ||
| 040 | _cUA-OsUOA | ||
| 041 | _apol | ||
| 080 | _a80 | ||
| 100 |
_aJodlowski, S. _918624 |
||
| 245 | _aZasady Pisowni Polskiej | ||
| 650 |
_aPolish _918625 |
||
| 942 |
_cBK _2udc |
||
| 999 |
_c278007 _d278007 |
||